[Event "SVK-ch U16 Girls"]
[Site "Tatralandia"]
[Date "2024.04.07"]
[Round "3"]
[White "Knapova, Nicol"]
[Black "Rachelova, Laura"]
[Result "1/2-1/2"]
[WhiteElo "1502"]
[BlackElo "1452"]
[PlyCount "48"]
[EventDate "2024.04.05"]
[EventType "swiss"]
[EventRounds "9"]
[EventCountry "SVK"]
[SourceTitle "CB16_2024"]
[SourceDate "2024.04.17"]
[SourceVersion "1"]
[SourceVersionDate "2024.04.17"]
[SourceQuality "1"]

1. e4 e5 2. Nf3 Nc6 3. Bc4 Bc5 4. Nc3 Nf6 5. d3 h6 6. h3 0-0 7. 0-0 d6 8. a3 Bd7 9. Nd5 Nxd5 10. Bxd5 Qe7 11. c3 Rfe8 12. Re1 Rab8 13. Be3 Bxe3 14. Rxe3 a6 15. Nd2 Kh8 16. Qh5 Rf8 17. Rf1 Qe8 18. f4 Be6 19. fxe5 Nxe5 20. Bxe6 Qxe6 21. d4 Ng6 22. d5 Qe5 23. Rf5 Qe7 24. Nf3 Rbe8 1/2-1/2

[Event "SVK-ch U12 Girls"]
[Site "Stara Lubovna"]
[Date "2021.07.01"]
[Round "7"]
[White "Knapova, Nicol"]
[Black "Novomeska, Karin"]
[Result "0-1"]
[WhiteElo "1098"]
[BlackElo "1455"]
[PlyCount "78"]
[EventDate "2021.06.26"]
[EventType "swiss"]
[EventRounds "9"]
[EventCountry "SVK"]
[SourceTitle "CBM 203 Extra"]
[Source "ChessBase"]
[SourceDate "2021.09.30"]
[SourceVersion "1"]
[SourceVersionDate "2021.09.30"]
[SourceQuality "1"]

1. e4 c5 2. Nf3 e6 3. Nc3 Nc6 4. d4 cxd4 5. Nxd4 Nf6 6. Nxc6 bxc6 7. Bd3 d5 8. Be3 d4 9. e5 dxe3 10. exf6 exf2+ 11. Kxf2 Qxf6+ 12. Qf3 Bc5+ 13. Ke2 Qxf3+ 14. gxf3 Bd4 15. Na4 Bd7 16. c3 Bb6 17. Nxb6 axb6 18. a3 Ke7 19. Rae1 Kf6 20. Kf2 g6 21. Re4 c5 22. Re3 Bc6 23. Be4 Bxe4 24. Rxe4 Rhd8 25. Ke2 h5 26. Re3 Rd7 27. Rd3 Rad8 28. Rhd1 Rxd3 29. Rxd3 Rxd3 30. Kxd3 Ke5 31. Ke3 c4 32. f4+ Kd5 33. a4 e5 34. h3 h4 35. Kf3 e4+ 36. Ke3 f6 37. f5 g5 38. Kf2 Ke5 39. Ke3 g4 0-1

[Event "SVK-ch U12 Girls"]
[Site "Stara Lubovna"]
[Date "2021.06.29"]
[Round "5"]
[White "Selvekova, Stanislava"]
[Black "Knapova, Nicol"]
[Result "0-1"]
[WhiteElo "1000"]
[BlackElo "1098"]
[PlyCount "54"]
[EventDate "2021.06.26"]
[EventType "swiss"]
[EventRounds "9"]
[EventCountry "SVK"]
[SourceTitle "CBM 203 Extra"]
[Source "ChessBase"]
[SourceDate "2021.09.30"]
[SourceVersion "1"]
[SourceVersionDate "2021.09.30"]
[SourceQuality "1"]

1. e4 e5 2. Nf3 Nc6 3. Nc3 Nf6 4. Bc4 h6 5. 0-0 Bc5 6. a3 a6 7. Rb1 d6 8. b4 Ba7 9. Nh4 Nd4 10. h3 c6 11. Qe1 Nxc2 12. Qd1 Nd4 13. Na4 b5 14. Bd3 bxa4 15. Qxa4 Qb6 16. Bb2 Nb5 17. Rbe1 g5 18. Nf3 g4 19. hxg4 Nxg4 20. Re2 f6 21. Nh4 Rg8 22. Qb3 Rg7 23. Bc4 Qb7 24. a4 Nd4 25. Bxd4 Bxd4 26. Qf3 Rg5 27. a5 h5 0-1